000 00305nam a2200121Ia 4500
008 240624s9999 xx 000 0 und d
041 _aeng
082 _a658 PI
100 _aPITRODA SAM
245 _aMARCH OF MOBILE MONEY THE FUTURE OF LIFE
260 _c2008
_aNoida
_bCollin Business
365 _cRS
_b20
999 _c15786
_d15786